| 000 | 00000nas##2200000za#4500 |
| 001 | 9.500869 |
| 003 | CaOODSP |
| 005 | 20210615082210 |
| 007 | cr ||||||||||| |
| 008 | 150406c2001||||xxc|| m o||||f| |0fre|d |
| 040 | |aCaOODSP|bfre |
| 043 | |an-cn--- |
| 086 | 1 |aH113-12F-PDF |
| 110 | 1 |aCanada.|bSanté Canada. |bAgence de réglementation de la lutte antiparasitaire. |
| 245 | 10|aDécision de réévaluation |h[ressource électronique] |
| 260 | |aOttawa - Ontario : |bSanté Canada. |
| 310 | |aIrrégulier |
| 362 | 1 |aRRD2001-02, 12 décembre 2001 -- RRD2006-24, 27 juin 2006 |
| 520 | 3 |aL'ARLA publie un document de décision de réévaluation pour annoncer sa décision finale concernant une matière active qui a fait l'objet d'une réévaluation au Canada. Généralement, la publication de ce document de décision fait suite à la publication d'une Note de réévaluation (REV) au d'un Projet d'acceptabilité d'homologation continue (PACR). Le document de décision de réévaluation explique les raisons qui appuient la décision finale prise. |
| 775 | 08|tRe-evaluation decision document |w(CaOODSP)9.504451 |
| 776 | 0#|tDécision de réévaluation |w(CaOODSP)9.513054 |